[Sacred vocal music.

Saved in:
Bibliographic Details
Corporate Author: Országos Széchényi Könyvtár.
Format: Musical Score
Language:Latin
Published: 16--]
Subjects:
Tags: Add Tag
No Tags, Be the first to tag this record!
LEADER 00482ndm a2200181 4500
001 007786208-2
005 20020606104010.5
008 980511s16uu xx zzz| a nn| lat d
035 0 |a ocm39324408 
040 |a MH-Mu  |c MH-Mu 
110 2 |a Országos Széchényi Könyvtár.  |k Manuscript.  |n Bártfa 4. 
245 0 0 |a [Sacred vocal music. 
260 |c 16--] 
300 |a 2 ms. parts. 
650 0 |a Sacred vocal music  |y 17th century. 
650 0 |a Music  |x Manuscripts. 
988 |a 20020608 
906 |0 MH